Zaisťovanie BOZP a požiarnej ochrany pri činnostiach externých firiem v období odstávky výroby vo vybranej spoločnosti

Uložené v:
Podrobná bibliografia
Hlavný autor: Titurus, Miroslav (Autor)
Ďalší autori: Buranská, Eva (Vedúci práce)
Médium: Rukopis Kniha
Jazyk:Slovak
Vydavateľské údaje: 2025
Predmet:
On-line prístup:http://is.stuba.sk/zp/portal_zp.pl?podrobnosti=183900
Tagy: Pridať tag
Žiadne tagy, Buďte prvý, kto otaguje tento záznam!

MARC

LEADER 00000ntm a22000003a 4500
001 stuzp105472
003 SK-STU
005 20250614213846.7
007 ta
008 150427s2015----xo-----f-mn---000-0-slo-d
040 |a STU  |b slo 
041 0 |a slo 
100 1 |a Titurus, Miroslav  |u 065000  |4 aut  |U MTF Materiálovotechnologická fakulta  |T MTF Ústav integrovanej bezpečnosti  |X 127787  |U M5000  |Y 85  |7 127787 
242 0 1 |a Ensuring occupational safety and fire protection during external companies' activities during a production shutdown in a selected company  |y eng 
245 1 0 |a Zaisťovanie BOZP a požiarnej ochrany pri činnostiach externých firiem v období odstávky výroby vo vybranej spoločnosti 
260 |c 2025 
650 4 |a Coordination  |2 eng 
650 4 |a Suplier  |2 eng 
650 4 |a External company  |2 eng 
650 4 |a Analysis  |2 eng 
650 4 |a Danger  |2 eng 
650 4 |a Risk  |2 eng 
650 4 |a Hazard  |2 eng 
650 4 |a Technological production shutdown  |2 eng 
650 4 |a Worky injury  |2 eng 
650 4 |a Prevention  |2 eng 
650 4 |a Fire safety  |2 eng 
650 4 |a Health and safety at work  |2 eng 
650 4 |a Koordinácia  |2 slo 
650 4 |a Dodávateľ  |2 slo 
650 4 |a Externá firma  |2 slo 
650 4 |a Automotív  |2 slo 
650 4 |a Technologická odstávka výroby  |2 slo 
650 4 |a Pracovný úraz  |2 slo 
650 4 |a Prevencia  |2 slo 
650 4 |a Požiarna ochrana  |2 slo 
650 4 |a Bezpečnosť a ochrana zdravia pri práci  |2 slo 
650 4 |a Analýza  |2 slo 
650 4 |a Nebezpečenstvo  |2 slo 
650 4 |a Riziko  |2 slo 
700 1 |a Buranská, Eva  |u 065200  |k Z1  |4 ths  |U MTF Ústav integrovanej bezpečnosti  |T MTF Katedra bezpečnostného inžinierstva  |X 28428  |U M5200  |Y 192  |7 28428 
856 4 |u http://is.stuba.sk/zp/portal_zp.pl?podrobnosti=183900 
996 |c M* DP-15654  |l MMSKP  |s P  |a 0  |w stuzp105472_0001